Ciencias sociales 1 : (Registro nro. 7287)

Detalles MARC
000 -LEADER
fixed length control field 00865nam a2200277 a 4500
001 - CONTROL NUMBER
control field 000044162
003 - CONTROL NUMBER IDENTIFIER
control field DO-SdBNP
005 - DATE AND TIME OF LATEST TRANSACTION
control field 20160920145501.0
007 - PHYSICAL DESCRIPTION FIXED FIELD--GENERAL INFORMATION
fixed length control field 000044162
008 - FIXED-LENGTH DATA ELEMENTS--GENERAL INFORMATION
fixed length control field 140603s2009 dr acd 000 0 spa d
020 ## - INTERNATIONAL STANDARD BOOK NUMBER
International Standard Book Number 9789945174700
040 ## - CATALOGING SOURCE
Original cataloging agency BPMSU
Language of cataloging spa
Transcribing agency BPMSU
092 ## - LOCALLY ASSIGNED DEWEY CALL NUMBER (OCLC)
Classification number xxxxx
Item number xxxxx
245 00 - TITLE STATEMENT
Title Ciencias sociales 1 :
Remainder of title educación media /
Statement of responsibility, etc. gerencia editorial Anna Rogero Soler ; colaboración Ryde Acosta...[et.al] ; edición Marcos Reynoso.
260 ## - PUBLICATION, DISTRIBUTION, ETC. (IMPRINT)
Place of publication, distribution, etc. Santo Domingo :
Name of publisher, distributor, etc. SM,
Date of publication, distribution, etc. 2013
300 ## - PHYSICAL DESCRIPTION
Extent 287 p. :
Other physical details il., gráf., mapas ;
Dimensions 29 cm. +
Accompanying material CD-ROM
490 1# - SERIES STATEMENT
Series statement Proyecto Sé
500 ## - GENERAL NOTE
General note El número 1
504 ## - BIBLIOGRAPHY, ETC. NOTE
Bibliography, etc Bibliografía : p. 287
700 12 - ADDED ENTRY--PERSONAL NAME
Personal name Rogero Soler, Anna,
Relator term ed.
700 12 - ADDED ENTRY--PERSONAL NAME
Personal name Acosta, Ryde
700 12 - ADDED ENTRY--PERSONAL NAME
Personal name Reynoso, Marcos,
Relator term ed.
830 #0 - SERIES ADDED ENTRY--UNIFORM TITLE
Name of part/section of a work Proyecto Sé
942 ## - ADDED ENTRY ELEMENTS (KOHA)
Source of classification or shelving scheme Dewey Decimal Classification
Koha item type Libros
956 ## - LOCAL ELECTRONIC LOCATION AND ACCESS (OCLC)
Host name LOPEREZ
Access number 10
Compression information BPMSU
Logon 0041
Existencias
Withdrawn status Lost status Source of classification or shelving scheme Damaged status Not for loan Collection code Home library Current library Date acquired Total Checkouts Barcode Date last seen Price effective from Koha item type Copy number
    Dewey Decimal Classification       Biblioteca Pública Metropolitana Salomé Ureña Biblioteca Pública Metropolitana Salomé Ureña 01/29/2015   BPMSU15040926 01/29/2015 01/29/2015 Libros  
    Dewey Decimal Classification       Biblioteca Pública Metropolitana Salomé Ureña Biblioteca Pública Metropolitana Salomé Ureña 01/29/2015   BPMSU15040927 01/29/2015 01/29/2015 Libros 2 ej.